000 00823nam a2200229 a 4500
999 _c1088
_d1088
001 1088
003 BD-JhCC
005 20171031185203.0
008 171014s1990 bg ||||| |||| 00| 0 ben d
020 _a9847011600215
035 _a(BD-JhCC) 1088
040 _aBD-JhCC
_dBD-JhCC
041 _aben
082 _a891.442
_bJOY 1990
100 _aজয়নুদ্দীন, ড. মোহাম্মদ
245 _aজীবনদৃষ্টি ও শিল্পসৃষ্টি :
_bসৈয়দ ওয়ালীউল্লাহর নাটক /
_cড. মোহাম্মদ জয়নুদ্দীন
260 _aঢাকা :
_bঅম্বেষা প্রকাশন
_c1990
300 _a111 p. :
_c21 cm
650 _aBengali drama
_xBangladesh
942 _2ddc
_cBK